<?xml version="1.0" encoding="UTF-8"?><?xml-stylesheet type="text/xsl" href="static/style.xsl"?><OAI-PMH xmlns="http://www.openarchives.org/OAI/2.0/" xmlns:xsi="http://www.w3.org/2001/XMLSchema-instance" xsi:schemaLocation="http://www.openarchives.org/OAI/2.0/ http://www.openarchives.org/OAI/2.0/OAI-PMH.xsd"><responseDate>2026-04-13T04:59:20Z</responseDate><request verb="GetRecord" identifier="oai:www.recercat.cat:2117/459527" metadataPrefix="marc">https://recercat.cat/oai/request</request><GetRecord><record><header><identifier>oai:recercat.cat:2117/459527</identifier><datestamp>2026-03-31T09:13:54Z</datestamp><setSpec>com_2072_1033</setSpec><setSpec>col_2072_452950</setSpec></header><metadata><record xmlns="http://www.loc.gov/MARC21/slim" xmlns:dcterms="http://purl.org/dc/terms/" xmlns:xsi="http://www.w3.org/2001/XMLSchema-instance" xmlns:doc="http://www.lyncode.com/xoai" xsi:schemaLocation="http://www.loc.gov/MARC21/slim http://www.loc.gov/standards/marcxml/schema/MARC21slim.xsd">
   <leader>00925njm 22002777a 4500</leader>
   <datafield ind2=" " ind1=" " tag="042">
      <subfield code="a">dc</subfield>
   </datafield>
   <datafield ind2=" " ind1=" " tag="720">
      <subfield code="a">Zhao, Feng</subfield>
      <subfield code="e">author</subfield>
   </datafield>
   <datafield ind2=" " ind1=" " tag="720">
      <subfield code="a">Huang, Kesheng</subfield>
      <subfield code="e">author</subfield>
   </datafield>
   <datafield ind2=" " ind1=" " tag="720">
      <subfield code="a">Zhang, Yuxuan</subfield>
      <subfield code="e">author</subfield>
   </datafield>
   <datafield ind2=" " ind1=" " tag="720">
      <subfield code="a">Zheng, Qiyang</subfield>
      <subfield code="e">author</subfield>
   </datafield>
   <datafield ind2=" " ind1=" " tag="720">
      <subfield code="a">Zhang, Leixin</subfield>
      <subfield code="e">author</subfield>
   </datafield>
   <datafield ind2=" " ind1=" " tag="720">
      <subfield code="a">Mallorquí Franquet, Jordi Joan</subfield>
      <subfield code="e">author</subfield>
   </datafield>
   <datafield ind2=" " ind1=" " tag="720">
      <subfield code="a">Wang, Yunjia</subfield>
      <subfield code="e">author</subfield>
   </datafield>
   <datafield ind2=" " ind1=" " tag="260">
      <subfield code="c">2025-11-25</subfield>
   </datafield>
   <datafield ind2=" " ind1=" " tag="520">
      <subfield code="a">Launched in June 2019, the Radarsat constellation mission (RCM) has the ability to acquire quad-pol polarimetric SAR (PolSAR) data globally. By applying polarimetric optimization on interferograms with PolSAR images, the polarimetric persistent interferometry techniques can achieve ground deformation results better than persistent scatter InSAR (PSI). However, to the best of our knowledge, there are very few published studies about RCM PSI applications, and the polarimetric PSI (PolPSI) ones have never been reported. This letter reports for the first time the PolPSI results with the quad-pol RCM data over an urban area. The quality of interferometric phases can be significantly improved with the polarimetric optimizations, resulting in better ground deformation monitoring results with PolPSI than with PSI. Very similar ground deformation has been retrieved with Sentinel-1 data over the same area, where more details are provided with the RCM data, validating the correctness of the RCM (Po)PSI results. The results demonstrate the effectiveness of this new synthetic aperture radar (SAR) satellite constellation on PSI and PolPSI applications.</subfield>
   </datafield>
   <datafield ind2=" " ind1=" " tag="520">
      <subfield code="a">This work was supported in part by the National Natural Science Foundation of China under Grant 42474018; in part by the Fundamental Research Funds for the Central Universities under Grant 2025ZDPYQB1007; in part by China Postdoctoral Science Foundation under Grant 2023T160685 and Grant 2020M671646; in part by Spanish Ministry of Science, Innovation and Universities Ministerio de Ciencia, Innovación y Universidades (MICIU)/Agencia Estatal de Investigación (AEI) /10.13039/501100011033 through European Regional Development Fund Fondo Europeo de Desarrollo Regional (FEDER), Union Europea (UE), under Project PID2024-161188OB-C21; in part by the Young Elite Scientists Sponsorship Program by China Association for Science and Technology (CAST) under Grant 2023QNRC001-YESS20230599; and in part by the DRAGON6 call financed by European Space Agency (ESA) and Ministry of Science and Technology of China (MOST) under Project 95436.</subfield>
   </datafield>
   <datafield ind2=" " ind1=" " tag="520">
      <subfield code="a">Peer Reviewed</subfield>
   </datafield>
   <datafield ind2=" " ind1=" " tag="520">
      <subfield code="a">Postprint (author's final draft)</subfield>
   </datafield>
   <datafield tag="653" ind2=" " ind1=" ">
      <subfield code="a">Àrees temàtiques de la UPC::Enginyeria de la telecomunicació::Radiocomunicació i exploració electromagnètica::Radar</subfield>
   </datafield>
   <datafield tag="653" ind2=" " ind1=" ">
      <subfield code="a">Àrees temàtiques de la UPC::Enginyeria de la telecomunicació::Radiocomunicació i exploració electromagnètica::Satèl·lits i ràdioenllaços</subfield>
   </datafield>
   <datafield tag="653" ind2=" " ind1=" ">
      <subfield code="a">Optimization</subfield>
   </datafield>
   <datafield tag="653" ind2=" " ind1=" ">
      <subfield code="a">Deformation</subfield>
   </datafield>
   <datafield tag="653" ind2=" " ind1=" ">
      <subfield code="a">Scattering</subfield>
   </datafield>
   <datafield tag="653" ind2=" " ind1=" ">
      <subfield code="a">Monitoring</subfield>
   </datafield>
   <datafield tag="653" ind2=" " ind1=" ">
      <subfield code="a">Vectors</subfield>
   </datafield>
   <datafield tag="653" ind2=" " ind1=" ">
      <subfield code="a">Radar polarimetry</subfield>
   </datafield>
   <datafield tag="653" ind2=" " ind1=" ">
      <subfield code="a">Interferometry</subfield>
   </datafield>
   <datafield tag="653" ind2=" " ind1=" ">
      <subfield code="a">Hands</subfield>
   </datafield>
   <datafield tag="653" ind2=" " ind1=" ">
      <subfield code="a">C-band</subfield>
   </datafield>
   <datafield tag="653" ind2=" " ind1=" ">
      <subfield code="a">Satellites</subfield>
   </datafield>
   <datafield ind2="0" ind1="0" tag="245">
      <subfield code="a">First polarimetric PSI ground deformation monitoring results with RCM quad-pol data</subfield>
   </datafield>
</record></metadata></record></GetRecord></OAI-PMH>